000 00366 a2200157 4500
001 181647
020 _a
040 _cMagnum
100 _aSilva, Francisco Teodoro da
240 1 0 _aCurso de educacao moral e civica
_lpor
245 1 0 _aCurso de educacao moral e civica
362 0 _a1899
440 1 _aLemi
697 _aMAGNITO: ESTUDOS SOCIAIS
942 _cBK
999 _c181647
_d181647